| 000 | 00359nam a2200145 a 4500 | ||
|---|---|---|---|
| 001 | 5448 | ||
| 003 | CDMR | ||
| 005 | 20130116135308.0 | ||
| 008 | 130130s1993||||||||||||||||||||||||||||d | ||
| 040 |
_aCDMR _bcat _cCDMR |
||
| 245 | 0 | _aPremios "Ramón Cunill" 1976-1991 | |
| 260 |
_aMadrid _c1993 _bComisión Episcopal de MCS |
||
| 300 |
_a199 p ; _c24 cm |
||
| 942 | _cMON | ||
| 999 |
_c5448 _d5448 |
||